zpět

Detail výsledku týmu

Trojka, Brno

Datum a čas kvízu

19.5 Celkem bodů Celkový počet nahraných bodů na tomto kvízu bez doplňovacích otázek.
6. Pořadí na kvízu Konečné umístění týmu na tomto kvízu.

Zaznamenané odpovědi

# Otázka Odpověď Body Výsledky
1. Poprvé v novodobé historii Čes... Číslo 66. 1
2. Evropský parlament minulý týde... Alexej Navalnyj 1
3. Dům U kamenného zvonu v Praze... Frida Kahlo 0
4. Firma Apple opět vzbudila pozo... Čisticí hadřík. 1
5. Minulý týden začal nový ročník... Vít Krejčí 0
6. Toto téma začneme manželkami k... 1A 2B 3C 4D 1
7. Přesuneme se ke Králi popu. Ja... The Jackson 5 1
8. Kterému sportu se profesionáln... Tenisu. 0
9. Mnoho deskových her využívá kr... Shogi 1
10. V roce 2021 streamovací platfo... Král Šamanů (Shaman King) 1